Countries with the Most Prisoners per Capita - Statistics

General Stats
  • This quiz has been taken 136 times
  • The average score is 5 of 19
Answer Stats
# Country % Correct
541 United States
97%
408 Brazil
69%
1659 El Salvador
63%
345 Nauru | Costa Rica | Belarus
50%
522 Panama
42%
794 Cuba
38%
443 Turkey
30%
356 Dominica
23%
482 Bahamas
19%
391 Thailand
19%
449 Uruguay
19%
361 St. Vincent and the Grenadines
14%
400 Antigua and Barbuda
13%
367 Palau
12%
516 Tonga
9%
620 Rwanda
8%
467 Cape Verde
3%
393 Seychelles
3%
576 Turkmenistan
3%
No matching quizzes found
Score Distribution
Percent of People with Each Score
Percentile by Number Answered
Your Score History
You have not taken this quiz